Statistiques concernant Les personnages de naruto

Cliquez ici pour prendre le quiz!

Statistiques générales

  • Ce quiz a été pris 540 fois
  • Le résultat moyen est 46 sur 60

Statistiques - réponses

IndiceRéponse% Correct
Personnage principalNaruto
100%
La femme de son amiSakura
99%
Son amiSasuke
99%
Femme du personnage principalHinata
98%
Leur senseiKakashi
98%
Frere de la femme du personnage principalNeji
96%
Femme au cheveux blond qui aime l’ami du hérosIno
94%
L’ermite pas netJiraya
94%
Frere de l’ami du héros qui a tuer tous son clan sauf son petit frèreItachi
93%
Pere du hérosMinato
93%
L’homme serpentOrochimaru
91%
5ème hokageTsunade
91%
Fils du hérosBoruto
89%
Homme de l’akatsuki au double visageTobi
89%
Le sensei de l’autre équipe qui est décédéAsuma
88%
Homme qui mange TOUT LE TEMPSChoji
88%
Homme de l’akatsuki qui fait tout exploserDeidara
88%
1ère hokage dieu des shinobiHashirama
88%
Le premier vrai ami du hérosShikamaru
88%
Ami du héros qui joue avec son chiensKiba
87%
Forme que le créateur prendPain
87%
2ème hokage frere du 1erTobirama
87%
Homme requin qui fait partie de l’akatsukiKisame
86%
Mère du hérosKushina
85%
Ami du héros qui aime les insecteShino
85%
Professeur du hérosIruka
84%
Femme qui utilise du papier dans l’akatsukiKonan
84%
9eme démons a queuesKurama
84%
Homme de l’akatsuki qui utilise des corps comme pantinSasori
84%
3ème hokageHiruzen
83%
Leader du clan uchiuaMadara
83%
Frere de la 4ème kazekageGaara
81%
Le sensei qui resemble beaucoup a l’élèveGai
81%
Homme de l’akatsuki qui se déguise en planteZetsu
81%
Homme de l’akatsuki qui utilise une fauxHidan
80%
Homme serpent qui ressuscite les gens décédéKabuto
80%
Créateur de l’akatsukiNagato
79%
Fille de l’ami du hérosSarada
78%
Homme qui utilise le bois pour réparer konohaYamato
78%
Épéiste et premier vrai ennemie du hérosZabuza
78%
Homme de l’akatsuki qui utilise les 4 élémentsKakuzu
74%
Homme qui porte un croc topSai
74%
Femme qui quand on la mord nous soigneKarin
72%
8eme hokageKonohamaru
72%
Il resemble beaucoup a un senseiRock lee
66%
4ème kazekageTemari
64%
Crapaud qui aide l’ermite pas netGamabunta
63%
Pire ordure de l’histoireDanzo
61%
Fils de l’homme serpentMitsuki
61%
Femme aussi utile que l’emoji 🦾Tenten
57%
4ème demon à queuesSongoku
54%
1er demon à queuesShukaku
53%
2ème demon a queuesMatatabi
44%
Homme qui aide naruto à perfectionner ses techniqueKiller bee
39%
Déesse du froid qui aide le hérosKaguya
35%
7eme démons a queuesChomei
34%
8eme démons a queuesGyuki
34%
6eme démons a queuesSaiken
34%
3ème démon a queuesIsobu
33%
5ème démons a queuesKokuo
31%

Distribution des résultats

Percentile par nombre de réponses

% des personnes avec chaque résultat

Votre développement - résultats

Vous n’avez pas pris ce quiz